Statistics for Edebiyatımızdaki İlkler

Click here to take the quiz!

General Stats

  • This quiz has been taken 314 times
  • The average score is 9 of 26

Answer Stats

AçıklamaEser% Correct
İlk Psikolojik RomanEylül
74%
İlk Realist RomanAraba Sevdası
72%
"Türk" Adının Geçtiği İlk MetinGöktürk Yazıtları
61%
İlk Köy RomanıKarabibik
57%
İlk Tarihi RomanCezmi
56%
İlk Edebî Romanİntibah
54%
İlk MesneviKutadgu Bilig
48%
İlk SiyasetnameKutadgu Bilig
48%
Aruzla Yazılan İlk EserKutadgu Bilig
48%
İlk Yerli RomanTaaşşuk-ı Talat ve Fitnat
48%
Sahnelenen İlk TiyatroVatan yahut Silistre
47%
İlk Yerli TiyatroŞair Evlenmesi
44%
İlk Türkçe SözlükDivan-ı Lügati't Türk
43%
İlk Psikolojik Roman DenemesiZehra
41%
İlk Çeviri RomanTelemak
37%
İlk Özel GazeteTercüman-ı Ahval
26%
İlk Hamse YazarıAli Şir Nevai
25%
İlk Pastoral ŞiirSahra
21%
İlk Divan ŞairiHoca Dehhani
14%
İlk Köy ŞiiriKöylü Kızların Şarkısı
14%
İlk Türk DestanıAlp Er Tunga
11%
İlk Uyaksız ŞiirValidem
11%
İlk Mensur Şiir Örneklerini Veren YazarHalit Ziya Uşaklıgil
7%
Aruzla Yazılan İlk Manzum TiyatroEşber
5%
İlk TezkireMecâlisü'n Nefais
5%
Heceyle Yazılan İlk Manzum TiyatroNesteren
5%

Score Distribution

Percentile by Number Answered

Percent of People with Each Score

Your Score History

You have not taken this quiz